000 00660nam a2200205Ii 4500
003 JO-AjNU
008 230605s9999||||xx |||||||||||||| ||und||
040 _aJO-AjNU
_bara
_erda
_cJO-AjNU
041 _aara
050 1 4 _aB741.Z2.1973
100 3 _aمحمود،زكي نجيب ,
_eauthor
_919311
245 0 0 _aتجديد الفكر العربي
250 _aط2
264 3 1 _aبيروت-القاهرة:دار الشروق ،1973
300 _a386ص
336 _atext
_btxt
_2rdacontent
337 _aunmediated
_bn
_2rdamedia
338 _avolume
_bnc
_2rdacarrier
650 4 _aعالم عربي - حياة فكرية-عالم عربي - حضارة
_919312
999 _aA6347
_c9915
_d9915